Delta sa súdi s mestom

Bibliographic Details
Main Author: (kla) (Author)
Corporate Author: Delta Management (Košice, Slovensko) (Author)
Format: Article
Language:Slovak
Subjects:

MARC

LEADER 00000nab a2200000 a 4500
001 vtls000927717
003 SK-MaSNL
005 20260430072134.0
008 040720e20020412xo 0 slo
035 |a KE36594 
040 |a KEVKJB  |b slo  |c KEVKJB  |e AACR2 
041 0 |a slo 
044 |a xo  |c SK 
080 |a 336.73  |2 1981 
100 0 |a (kla)  |4 aut  |9 877407 
245 1 0 |a Delta sa súdi s mestom 
610 2 7 |a Delta Management (Košice, Slovensko)  |2 KEVKJB  |9 879761 
650 0 7 |a spoločnosti nebankové  |2 KEVKJB  |9 878898 
650 0 7 |a pohľadávky  |2 KEVKJB  |9 4611 
650 0 7 |a finančné spory  |2 KEVKJB  |9 1095866 
651 7 |a Košice (Slovensko)  |2 KEVKJB  |9 18694 
651 7 |a KE,  |2 KEVKJB  |9 877256 
655 7 |a periodikum  |2 snkbucl  |9 29553 
710 2 |a Delta Management (Košice, Slovensko)  |4 aut  |9 879761 
773 0 8 |t Sme  |g Roč. 10, č.85, 12.4.2002, s. 1 
773 0 8 |i Príl.:  |t Východ.- Č. 14 (2002) 
852 |a ZVYKNI  |b KIS3GCP 
999 |c 1669979  |d 1671909